|
|
|
|
| LEADER |
00989nab a2200229 i 4500 |
| 001 |
acta53885 |
| 005 |
20250620101808.0 |
| 008 |
180413s2017 hu o 000 eng d |
| 022 |
|
|
|a 2415-945X
|
| 024 |
7 |
|
|a 10.14232/edulingua.2017.1.5
|2 doi
|
| 040 |
|
|
|a SZTE Egyetemi Kiadványok Repozitórium
|b hun
|
| 041 |
|
|
|a eng
|
| 100 |
1 |
|
|a Balogh Erzsébet
|
| 245 |
1 |
0 |
|a James Dean Brown
|h [elektronikus dokumentum] :
|b Mixed methods research for TESOL. (2014). Edinburgh: Edinburgh University Press /
|c Balogh Erzsébet
|
| 260 |
|
|
|a LoGoS Kutatócsoport Szegedi Tudományegyetem, Angoltanár-képző és Alkalmazott Nyelvészeti Tanszék
|b Szeged
|c 2017
|
| 300 |
|
|
|a 69-71
|
| 490 |
0 |
|
|a EduLingua
|v 3 No. 1
|
| 650 |
|
4 |
|a Társadalomtudományok
|
| 650 |
|
4 |
|a Oktatástudomány
|
| 695 |
|
|
|a Nyelvtanulás - angol - könyvismertetés, Nyelvtanítás - angol - könyvismertetés
|
| 700 |
0 |
1 |
|a Brown James Dean
|
| 856 |
4 |
0 |
|u http://acta.bibl.u-szeged.hu/53885/1/edulingua_2017_001_069-071.pdf
|z Dokumentum-elérés
|